| 000 | 00465nam a2200169 a 4500 | ||
|---|---|---|---|
| 001 | 2776 | ||
| 003 | CO-ViMGA | ||
| 008 | 141112s2004 ck r 000 u spa d | ||
| 040 |
_aCO-ViMGA _bspa _cCO-ViMGA |
||
| 082 | 0 | 4 | _a636.08245 B651 |
| 100 | 1 |
_aBonadonna, Telesforo _951857 |
|
| 245 | 1 | 0 | _aReproducción animal e inseminación artificial |
| 260 |
_aBuenos Aires : _bHemisferio sur, _c1989 |
||
| 300 | _a2 v | ||
| 650 | 1 | 4 | _aINSEMINACION ARTIFICIAL |
| 942 |
_2ddc _cBK |
||
| 999 |
_c14847 _d14847 |
||